书目信息 |
| 题名: |
全国英语等级考试全真模拟试卷
|
|
| 作者: | 王冰欣 主编 | |
| 分册: | 第五级 | |
| 出版信息: | 北京 高等教育出版社 2011.07 |
|
| 页数: | ||
| 开本: | ||
| 丛书名: | ||
| 单 册: | ||
| 中图分类: | H310.42 | |
| 科图分类: | ||
| 主题词: | 英语 | |
| 电子资源: | ||
| ISBN: | 7-04-032771-6 | |
| 000 | 00706nam0 2200193 450 | |
| 001 | 1858829755 | |
| 005 | 20180303162855.96 | |
| 010 | @a7-04-032771-6@dCNY38.00 | |
| 100 | @a20180303d2011 km y0chiy0120 ea | |
| 101 | 0 | @achi |
| 102 | @aCN@b110000 | |
| 200 | 1 | @a全国英语等级考试全真模拟试卷@Aquan guo ying yu deng ji kao shi quan zhen mo ni shi juan@e全新版= Public English test system@h第五级@f王冰欣主编@Fwang bing xin zhu bian |
| 210 | @a北京@c高等教育出版社@d2011.07 | |
| 517 | 1 | @a全新版= Public English test system@Aquan xin ban=Public English test system |
| 606 | 0 | @a英语 |
| 690 | @aH310.42@v4 | |
| 701 | 0 | @a王冰欣@Awang bing xin@4主编 |
| 801 | 0 | @aCN@bMUSE@c20180303 |
| 905 | @aMUSE@dH310.42@eW567:5 | |
| 全国英语等级考试全真模拟试卷:全新版= Public English test system.第五级/王冰欣主编.-北京:高等教育出版社,2011.07 |
| ISBN 7-04-032771-6:CNY38.00 |
| ● |
| 相关链接 |
|
|
|
正题名:全国英语等级考试全真模拟试卷
索取号:H310.42/W567:5
 
预约/预借
| 序号 | 登录号 | 条形码 | 馆藏地/架位号 | 状态 | 备注 |
| 1 | 1308691 | 213086916 | 测绘与城市空间信息学院资料室/ [索取号:H310.42/W567:5] | 在馆 |